00522nam a2200169Ia 4500003000900000008004100009040003300050041000800083080001100091245006900102260003200171300002200203650001100225942000700236952009200243999001700335LK-CoDNM010623t1927 xxu||||| |||| 00| 1 eng d aLK-CoDNMdLK-CoDNMeLK-CoDNM aeng a50bC7 aOfficial Hand book of the visit of the M.C.C Team to Ceylon 1927 bC.A.C. PressaColomboc1927 b41P,17ill., 20 cm aSports cBK 001040708OBCaMAINbMAINd2023-08-02l0o50 C 7pOB545 9r2023-08-02w2023-08-02yBK c93823d93823